<?xml version="1.0" encoding="UTF-8"?>
<record
    xmlns:xsi="http://www.w3.org/2001/XMLSchema-instance"
    xsi:schemaLocation="http://www.loc.gov/MARC21/slim http://www.loc.gov/standards/marcxml/schema/MARC21slim.xsd"
    xmlns="http://www.loc.gov/MARC21/slim">

  <leader>01154nam a2200205 a 4500</leader>
  <controlfield tag="008">150722s2013    xx |||||||||||||| ||    u</controlfield>
  <datafield tag="050" ind1=" " ind2=" ">
    <subfield code="a">COMESA(02)2013/2</subfield>
  </datafield>
  <datafield tag="110" ind1=" " ind2=" ">
    <subfield code="a">COMESA</subfield>
  </datafield>
  <datafield tag="245" ind1="1" ind2="0">
    <subfield code="a">Programme on climate change mitigation and adaptation in COMESA-EA-EAC-SADC Region</subfield>
    <subfield code="c">Common Market for Eastern and Southern Africa(COMESA)</subfield>
  </datafield>
  <datafield tag="260" ind1=" " ind2=" ">
    <subfield code="a"></subfield>
    <subfield code="b">COMESA</subfield>
    <subfield code="c">2013</subfield>
  </datafield>
  <datafield tag="300" ind1=" " ind2=" ">
    <subfield code="a">45p.:ill.</subfield>
  </datafield>
  <datafield tag="650" ind1=" " ind2=" ">
    <subfield code="a">CLIMATE CHANGES--COMESA REGION</subfield>
  </datafield>
  <datafield tag="650" ind1=" " ind2=" ">
    <subfield code="a">FOREST CONSERVATION--AFRICA</subfield>
  </datafield>
  <datafield tag="650" ind1=" " ind2="0">
    <subfield code="a">CLIMATE CHANGES</subfield>
  </datafield>
  <datafield tag="650" ind1=" " ind2=" ">
    <subfield code="a">ENVIROMENTAL PROTECTION--COST EFFECTIVENESS</subfield>
  </datafield>
  <datafield tag="995" ind1=" " ind2=" ">
    <subfield code="a">SPECIAL COLLECTIONS</subfield>
    <subfield code="e">1871</subfield>
    <subfield code="F">CBU-MAIN LIBRARY (Kitwe)</subfield>
    <subfield code="j">COMESA(02)2013/2A</subfield>
    <subfield code="M">1</subfield>
    <subfield code="U">AVAILABLE</subfield>
    <subfield code="W">Aug 4, 2015</subfield>
    <subfield code="y">B1871</subfield>
    <subfield code="Z">International Publications</subfield>
  </datafield>
  <datafield tag="995" ind1=" " ind2=" ">
    <subfield code="a">SPECIAL COLLECTIONS</subfield>
    <subfield code="e">1873</subfield>
    <subfield code="F">CBU-MAIN LIBRARY (Kitwe)</subfield>
    <subfield code="j">COMESA(02)2013/2C</subfield>
    <subfield code="M">3</subfield>
    <subfield code="U">AVAILABLE</subfield>
    <subfield code="W">Aug 4, 2015</subfield>
    <subfield code="y">B1873</subfield>
    <subfield code="Z">International Publications</subfield>
  </datafield>
  <datafield tag="995" ind1=" " ind2=" ">
    <subfield code="a">SPECIAL COLLECTIONS</subfield>
    <subfield code="e">1875</subfield>
    <subfield code="F">CBU-MAIN LIBRARY (Kitwe)</subfield>
    <subfield code="j">COMESA(02)2013/2D</subfield>
    <subfield code="M">4</subfield>
    <subfield code="U">AVAILABLE</subfield>
    <subfield code="W">Aug 4, 2015</subfield>
    <subfield code="y">B1875</subfield>
    <subfield code="Z">International Publications</subfield>
  </datafield>
  <datafield tag="995" ind1=" " ind2=" ">
    <subfield code="a">SPECIAL COLLECTIONS</subfield>
    <subfield code="e">1872</subfield>
    <subfield code="F">CBU-MAIN LIBRARY (Kitwe)</subfield>
    <subfield code="j">COMESA(02)2013/2B</subfield>
    <subfield code="M">2</subfield>
    <subfield code="U">AVAILABLE</subfield>
    <subfield code="W">Aug 4, 2015</subfield>
    <subfield code="y">B1872</subfield>
    <subfield code="Z">International Publications</subfield>
  </datafield>
  <datafield tag="999" ind1=" " ind2=" ">
    <subfield code="c">77259</subfield>
    <subfield code="d">77259</subfield>
  </datafield>
  <datafield tag="952" ind1=" " ind2=" ">
    <subfield code="0">0</subfield>
    <subfield code="1">0</subfield>
    <subfield code="2">lcc</subfield>
    <subfield code="4">0</subfield>
    <subfield code="7">0</subfield>
    <subfield code="a">001</subfield>
    <subfield code="b">001</subfield>
    <subfield code="c">International Publications</subfield>
    <subfield code="d">2023-04-25</subfield>
    <subfield code="l">0</subfield>
    <subfield code="o">COMESA(02)2013/2A</subfield>
    <subfield code="p">B1871</subfield>
    <subfield code="r">2023-04-25</subfield>
    <subfield code="t">1</subfield>
    <subfield code="w">2023-04-25</subfield>
    <subfield code="y">023</subfield>
  </datafield>
  <datafield tag="952" ind1=" " ind2=" ">
    <subfield code="0">0</subfield>
    <subfield code="1">0</subfield>
    <subfield code="2">lcc</subfield>
    <subfield code="4">0</subfield>
    <subfield code="7">0</subfield>
    <subfield code="a">001</subfield>
    <subfield code="b">001</subfield>
    <subfield code="c">International Publications</subfield>
    <subfield code="d">2023-04-25</subfield>
    <subfield code="l">0</subfield>
    <subfield code="o">COMESA(02)2013/2C</subfield>
    <subfield code="p">B1873</subfield>
    <subfield code="r">2023-04-25</subfield>
    <subfield code="t">2</subfield>
    <subfield code="w">2023-04-25</subfield>
    <subfield code="y">023</subfield>
  </datafield>
  <datafield tag="952" ind1=" " ind2=" ">
    <subfield code="0">0</subfield>
    <subfield code="1">0</subfield>
    <subfield code="2">lcc</subfield>
    <subfield code="4">0</subfield>
    <subfield code="7">0</subfield>
    <subfield code="a">001</subfield>
    <subfield code="b">001</subfield>
    <subfield code="c">International Publications</subfield>
    <subfield code="d">2023-04-25</subfield>
    <subfield code="l">0</subfield>
    <subfield code="o">COMESA(02)2013/2D</subfield>
    <subfield code="p">B1875</subfield>
    <subfield code="r">2023-04-25</subfield>
    <subfield code="t">3</subfield>
    <subfield code="w">2023-04-25</subfield>
    <subfield code="y">023</subfield>
  </datafield>
  <datafield tag="952" ind1=" " ind2=" ">
    <subfield code="0">0</subfield>
    <subfield code="1">0</subfield>
    <subfield code="2">lcc</subfield>
    <subfield code="4">0</subfield>
    <subfield code="7">0</subfield>
    <subfield code="a">001</subfield>
    <subfield code="b">001</subfield>
    <subfield code="c">International Publications</subfield>
    <subfield code="d">2023-04-25</subfield>
    <subfield code="l">0</subfield>
    <subfield code="o">COMESA(02)2013/2B</subfield>
    <subfield code="p">B1872</subfield>
    <subfield code="r">2023-04-25</subfield>
    <subfield code="t">4</subfield>
    <subfield code="w">2023-04-25</subfield>
    <subfield code="y">023</subfield>
  </datafield>
</record>
